| 000 | 00767nam a22002177a 4500 | ||
|---|---|---|---|
| 999 |
_c12805 _d12805 |
||
| 003 | AR-CdUCM | ||
| 008 | 190410b ||||| |||| 00| 0 spa d | ||
| 040 |
_aMUNICIPALIDAD PROVINCIAL DEL CUSCO _cBIBLIOTECA MUNICIPAL DEL CUSCO |
||
| 041 | _heng. | ||
| 082 |
_23ed. _a519.5 / _bN46 |
||
| 100 |
_aNeter, John _930880 |
||
| 245 | _aFundamentos de estadística / | ||
| 260 |
_aMéxico : _bCampaña Editorial Continental, _c1962. |
||
| 300 |
_a862 paginas ; _c24 cm. |
||
| 505 | _aContenido :Cursos básicos de estadísticas para estudiantes de administración de negocios,publica y económica / | ||
| 650 |
_aEstadística _95668 |
||
| 650 |
_aNegocios _9825 |
||
| 700 |
_aJesús Soto Olivares (traductor) _930881 |
||
| 942 |
_2ddc _cLIBROS |
||
| 945 |
_arjall _d2019-04-10 |
||